| 000 -ლიდერი |
| ფიქსირებული სიგრძის საკონტროლო ველი |
01449nam a2200253Ia 4500 |
| 001 - საკონტროლო ნომერი |
| საკონტროლო ველი |
637 |
| 003 - საკონტროლო ნომრის იდენტიფიკატორი |
| საკონტროლო ველი |
GE_BSU |
| 005 - ბოლო ოპერაციის თარიღი და დრო |
| საკონტროლო ველი |
20230529162337.0 |
| 008 - ფიქსირებული სიგრძის მონაცემთა ელემენტები - ზოგადი ინფორმაცია |
| ფიქსირებული სიგრძის საკონტროლო ველი |
181216s2010ge xx |||||||||||||| ||geo|| |
| 020 ## - წიგნის საერთაშორისო სტანდარტული ნომერი |
| International Standard Book Number |
97899411284794 |
| 040 ## - კატალოგიზაციის წყარო |
| Transcribing agency |
GE_BSU |
| 041 ## - ენის კოდი |
| Language code of text/sound track or separate title |
geo |
| 080 ## - უნივერსალური ათობითი კლასიფიკაციის ინდექსი |
| Universal Decimal Classification number |
902/904 ლ-75 |
| 100 ## - მთავარი ჩანაწერი - პიროვნების სახელი |
| Personal name |
ლიჩელი, ვახტანგ |
| 9 (RLIN) |
18277 |
| 245 ## - ცნობა სათაურის შესახებ |
| Title |
არქეოლოგიური საველე კვლევის მეთოდოლოგია : |
| Remainder of title |
საველე და ლაბორატორიული პროცედურები(სალექციო კურსის ანოტაცია) / |
| Statement of responsibility, etc |
ვახტანგ ლიჩელი ; [რედ. გ. გრიგოლია] |
| 264 ## - წარმოების, გამოცემის, დისტრიბუციის და სხვა ცნობები |
| გამოცემის, წარმოების, დისტრიბუციის... ადგილი |
თბილისი : |
| გამოცემის, წარმოების, დისტრიბუციის... სახელწოდება |
უნივერსალი, |
| გამოცემის, წარმოების, დისტრიბუციის... თარიღი |
2010. |
| 300 ## - ფიზიკური აღწერა |
| Extent |
100 გვ. : |
| Other physical details |
ილ. ; |
| Dimensions |
20 სმ. |
| 501 ## - შენიშვნა თანმხლებ მასალაზე |
| With note |
დამატებები: გვ. 14-36. დანართი: გვ. 37-100. |
| 653 ## - INDEX TERM--UNCONTROLLED |
| Uncontrolled term |
არქეოლოგია |
| 653 ## - INDEX TERM--UNCONTROLLED |
| Uncontrolled term |
საველე არქეოლოგიური გამოკვლევები საქართველოში. |
| 700 ## - ADDED ENTRY--PERSONAL NAME |
| Personal name |
გრიგოლია, გ |
| Relator term |
რედაქტორი |
| 9 (RLIN) |
1558 |
| 710 ## - ADDED ENTRY--CORPORATE NAME |
| Corporate name or jurisdiction name as entry element |
ივანე ჯავახიშვილის სახ. თბილისის სახელმწიფო უნივერსიტეტი |
| 9 (RLIN) |
18278 |
| 942 ## - ADDED ENTRY ELEMENTS (KOHA) |
| Koha item type |
წიგნი |
| Source of classification or shelving scheme |
|